Tous les Pokémon de type Vol - Statistiques

Statistiques générales
  • Ce quiz a été pris 27 fois
  • Le résultat moyen est 93 sur 125
Statistiques - réponses
Génération Pokémon Autre type % Correct
Première Artikodin Glace
100%
Première Dracaufeu Feu
100%
Première Electhor Electrik
100%
Première Roucarnage Normal
100%
Première Roucool Normal
100%
Première Roucoups Normal
100%
Première Sulfura Feu
100%
Première Nosféralto Poison
96%
Première Nosférapti Poison
96%
Deuxième Nostenfer Poison
96%
Première Piafabec Normal
96%
Première Rapasdepic Normal
96%
Cinquième Déflaisan Normal
92%
Première Dracolosse Dragon
92%
Première Papilusion Insect
92%
Cinquième Poichigeon Normal
92%
Première Ptéra Roche
92%
Troisième Altaria Dragon
88%
Huitième Artikodin de Galar Psy
88%
Quatrième Etouraptor Normal
88%
Troisième Hélédelle Normal
88%
Deuxième Ho-Oh Feu
88%
Deuxième Hoothoot Normal
88%
Deuxième Lugia Psy
88%
Première Méga-Dracaufeu Y Feu
88%
Huitième Sulfura de Galar Ténèbres
88%
Deuxième Airmure Acier
83%
Cinquième Boréas
83%
Deuxième Cotovol Plante
83%
Cinquième Démétéros Sol
83%
Huitième Electhor de Galar Combat
83%
Quatrième Etourmi Normal
83%
Quatrième Etourvol Normal
83%
Sixième Flambusard Feu
83%
Deuxième Floravol Plante
83%
Cinquième Fulguris Electrik
83%
Deuxième Granivol Plante
83%
Cinquième Gueriaigle Normal
83%
Cinquième Lakmécygne Eau
83%
Première Léviator Eau
83%
Première Méga-Ptéra Roche
83%
Première Méga-Roucarnage Normal
83%
Huitième Minisange
83%
Troisième Nirondelle Normal
83%
Deuxième Noarfang Normal
83%
Sixième Passerouge Normal
83%
Troisième Tylton Normal
83%
Septième Bazoucan Normal
79%
Troisième Békipan Eau
79%
Sixième Braisillon Feu
79%
Sixième Brutalibré Combat
79%
Cinquième Colombo Normal
79%
Huitième Corvaillus Acier
79%
Deuxième Coxy Insect
79%
Deuxième Coxyclaque Inesct
79%
Première Dodrio Normal
79%
Première Doduo Normal
79%
Troisième Drattak Dragon
79%
Cinquième Furaiglon Normal
79%
Troisième Goélise Eau
79%
Deuxième Natu Psy
79%
Septième Picassaut Normal
79%
Quatrième Togekiss Fée
79%
Cinquième Vaututrice Ténèbres
79%
Deuxième Xatu Psy
79%
Cinquième Aéroptéryx Roche
75%
Cinquième Arkéapti Roche
75%
Huitième Bleuseille
75%
Troisième Charmillon Insect
75%
Quatrième Corboss Ténèbres
75%
Deuxième Cornèbre Ténèbres
75%
Cinquième Couaneton Eau
75%
Première Insécateur Insect
75%
Septième Piclairon Normal
75%
Sixième Prismillon Insect
75%
Deuxième Togetic Fée
75%
Cinquième Vostourno Ténèbres
75%
Neuvième Zapétrel Electrik
75%
Quatrième Baudrive Spectre
71%
Septième Brindibou Plante
71%
Cinquième Chovsourir Psy
71%
Cinquième Cryptéro Psy
71%
Septième Efflèche Plante
71%
Cinquième Emolga Electrik
71%
Quatrième Grodrive Spectre
71%
Troisième Méga-Drattak Dragon
71%
Troisième Rayquaza Dragon
71%
Cinquième Rhinolove Psy
71%
Sixième Yveltal Ténèbres
71%
Sixième Bruyverne Dragon
67%
Deuxième Cadoizo Glace
67%
Première Canarticho Normal
67%
Troisième Méga-Rayquaza Dragon
67%
Première Méga-Scarabrute Insect
67%
Quatrième Papilord Insect
67%
Deuxième Scorplane Sol
67%
Quatrième Scorvol Sol
67%
Sixième Sonistrelle Dragon
67%
Troisième Tropius Plante
67%
Quatrième Apireine Insect
63%
Deuxième Démanta Eau
63%
Neuvième Fulgulairo Electrik
63%
Huitième Nigosier Eau
63%
Quatrième Apitrini Insect
58%
Quatrième Babimanta Eau
58%
Neuvième Lestombaile Ténèbres
58%
Quatrième Arceus Vol
54%
Quatrième Pijako Normal
54%
Quatrième Yanmega Insect
54%
Neuvième Flamenroule Combat
50%
Troisième Maskadra Insect
50%
Septième Météno Roche
50%
Troisième Ninjask Insect
50%
Deuxième Yanma Inesct
50%
Huitième Amovénus Fée
46%
Neuvième Têtes-de-Fer Ténèbres
46%
Quatrième Shaymin Céleste Plante
42%
Septième Silvallié Vol
42%
Neuvième Tapatoès Normal
42%
Septième Bamboiselle Acier
38%
Quatrième Motisma Hélice Electrik
38%
Septième Plumeline style Flamenco Feu
38%
Septième Plumeline style Hula Psy
33%
Septième Plumeline style Pom-Pom Electrik
33%
Septième Plumeline style Buyô Spectre
21%
Aucun quiz correspondant
Distribution des résultats
% des personnes avec chaque résultat
Percentile par nombre de réponses
Votre historique - résultats
Vous n’avez pas pris ce quiz